000 00422nam a2200181 a 4500
001 1763190200957
003 ACL
005 20251115130430.0
008 251115s2009##################000#0#eng##
020 _a9788189012861
082 0 4 _a591.076
_bVIJ
100 1 _aIyer, Vijayalakshmi,
_eauthor.
245 1 0 _aQuiz on Animals :
260 _c2009.
300 _a158 pages
942 _cENGLISH
040 _aACL
_beng
_cACL
999 _c597652
_d597652